书目信息 |
| 题名: |
米槐
|
|
| 作者: | 任满田 主编 | |
| 分册: | ||
| 出版信息: | 北京 中国林业出版社 2020 |
|
| 页数: | 14,73页 | |
| 开本: | 21cm | |
| 丛书名: | “特色经济林丰产栽培技术”丛书 | |
| 单 册: | ||
| 中图分类: | S792.26 , S792 | |
| 科图分类: | ||
| 主题词: | 槐树--栽培技术 | |
| 电子资源: | ||
| ISBN: | 978-7-5219-0585-4 | |
| 000 | 00785oam2 2200253 450 | |
| 001 | 2370744435 | |
| 005 | 20231123193933.57 | |
| 010 | @a978-7-5219-0585-4@dCNY29.00 | |
| 100 | @a20201126d2020 em y0chiy50 ea | |
| 101 | 0 | @achi |
| 102 | @aCN@b110000 | |
| 105 | @aa z 000yy | |
| 200 | 1 | @a米槐@Ami huai@f任满田主编 |
| 210 | @a北京@c中国林业出版社@d2020 | |
| 215 | @a14,73页@c照片@d21cm | |
| 225 | 1 | @a“特色经济林丰产栽培技术”丛书 |
| 330 | @a本书介绍了米槐经济林优良品种特性、育苗、建园、园地管理、整形修剪、有害生物防治、槐米采收及加工等内容。 | |
| 410 | 0 | @12001 @a“特色经济林丰产栽培技术”丛书 |
| 606 | 0 | @a槐树@x栽培技术 |
| 690 | @aS792.26@v5 | |
| 690 | @aS792@v4 | |
| 701 | 0 | @a任满田@Aren man tian@4主编 |
| 801 | 0 | @aCN@b91MARC@c20210317 |
| 905 | @aBZT@dS792@e1 | |
| 米槐/任满田主编.-北京:中国林业出版社,2020 |
| 14,73页:照片;21cm.-(“特色经济林丰产栽培技术”丛书) |
| ISBN 978-7-5219-0585-4:CNY29.00 |
| 本书介绍了米槐经济林优良品种特性、育苗、建园、园地管理、整形修剪、有害生物防治、槐米采收及加工等内容。 |
| ● |
| 相关链接 |
|
|
|
正题名:米槐
索取号:S792/1
 
预约/预借
| 序号 | 登录号 | 条形码 | 馆藏地/架位号 | 状态 | 备注 |
| 1 | 2001046895 | 2001046895 | 中教第一批/山东中教(第一批)/476/ [索取号:S792/1] | 在馆 | |
| 2 | 2001046896 | 2001046896 | 中教第一批/山东中教(第一批)/476/ [索取号:S792/1] | 在馆 | |
| 3 | 2001046897 | 2001046897 | 中教第一批/山东中教(第一批)/476/ [索取号:S792/1] | 在馆 | |
| 4 | 2001046898 | 2001046898 | 中教第一批/山东中教(第一批)/476/ [索取号:S792/1] | 在馆 | |
| 5 | 2001046899 | 2001046899 | 中教第一批/山东中教(第一批)/476/ [索取号:S792/1] | 在馆 | |
| 6 | 2001046900 | 2001046900 | 中教第一批/山东中教(第一批)/476/ [索取号:S792/1] | 在馆 |